[Event "DVM U20w 2008"]
[Site "Arendsee (Altmark) GER"]
[Date "2008.12.28"]
[Round "2"]
[White "Breitwieser, Jasmin"]
[Black "Dietzen, Corinna"]
[Result "1-0"]
[Termination "normal"]
[Board "3.1"]
[WhiteElo "1823"]
[BlackElo "2009"]
[WhiteTeam "SC Ladja Roßdorf"]
[BlackTeam "SF Wadgassen/Differten"]
[PlyCount "85"]
[WhiteFideId "24601705"]
[BlackFideId "24621021"]
[EventCountry "GER"]
[EventRounds "5"]
[EventType "team-swiss"]
[EventDate "2008.12.26"]

1. e4 e5 2. d4 d6 3. Nf3 Nd7 4. Bc4 Ngf6 5. Nc3 Be7 6. O-O O-O 7. Re1 h6 8. h3
Re8 9. a4 c6 10. Ba2 Qc7 11. dxe5 dxe5 12. Nh4 Bb4 13. Qf3 Nc5 14. Nf5 Bxf5 15.
Qxf5 Qe7 16. Re3 Rad8 17. Rg3 Kh8 18. Be3 Ne6 19. Ne2 Bc5 20. c3 Rd7 21. b4
Bxe3 22. Rxe3 Ng5 23. f4 g6 24. Qxe5 Qd8 25. Qc5 Ngxe4 26. Qxa7 b6 27. Qa6 Rd1+
28. Rxd1 Qxd1+ 29. Kh2 Qd2 30. Qxb6 Qxa2 31. Qxc6 Kg7 32. Ng3 Re6 33. Qa8 Qf2
34. Rf3 Qc2 35. f5 Rd6 36. fxg6 Rd2 37. Nf5+ Kxg6 38. Ne3 Qxc3 39. Qa5 Nd5 40.
Qa6+ Kg7 41. Nf5+ Kg8 42. Rxc3 Nexc3 43. Qxh6 1-0

[Event "DVM U20w 2008"]
[Site "Arendsee (Altmark) GER"]
[Date "2008.12.28"]
[Round "2"]
[White "Hiller, Vanessa"]
[Black "Neumann, Tanja"]
[Result "0-1"]
[Termination "normal"]
[Board "3.3"]
[WhiteElo "1617"]
[BlackElo "1453"]
[WhiteTeam "SC Ladja Roßdorf"]
[BlackTeam "SF Wadgassen/Differten"]
[PlyCount "128"]
[WhiteFideId "24668761"]
[BlackFideId "24659274"]
[EventCountry "GER"]
[EventRounds "5"]
[EventType "team-swiss"]
[EventDate "2008.12.26"]

1. d4 Nf6 2. c4 e6 3. Nf3 b6 4. a3 Bb7 5. Nc3 Be7 6. e3 O-O 7. Bd3 d5 8. cxd5
Bxd5 9. Nxd5 exd5 10. Bd2 Nbd7 11. Rc1 c5 12. dxc5 bxc5 13. Bc3 Rc8 14. O-O Qb6
15. Bf5 Rcd8 16. Qd2 Qd6 17. Rfd1 g6 18. Bc2 Rfe8 19. Bb3 c4 20. Ba4 Rf8 21.
Bb4 Nc5 22. Qd4 Nfe4 23. Ne5 Bf6 24. Nxc4 Bxd4 25. Nxd6 Nxa4 26. Rxd4 Nxd6 27.
Bxd6 Rxd6 28. Rxa4 a6 29. Rd4 Rb8 30. b4 f5 31. Rc7 a5 32. Rc5 axb4 33. axb4
Kg7 34. b5 Rbd8 35. Kf1 Kf6 36. Rc6 Ke5 37. f4+ Ke6 38. Rxd6+ Rxd6 39. Kf2 Rb6
40. Rb4 Kd6 41. Kf3 Kc5 42. Rb1 Rxb5 43. Rxb5+ Kxb5 44. h3 Kc4 45. g4 Kd3 46.
gxf5 gxf5 47. h4 h5 48. Kf2 d4 49. exd4 Kxd4 50. Kf3 Kd3 51. Kf2 Ke4 52. Kg3
Ke3 53. Kg2 Kxf4 54. Kh3 Kf3 55. Kh2 Kg4 56. Kg2 Kxh4 57. Kf3 Kg5 58. Kg3 h4+
59. Kf3 f4 60. Kg2 Kg4 61. Kf2 f3 62. Kg1 Kg3 63. Kh1 h3 64. Kg1 f2+ 0-1

[Event "DVM U20w 2008"]
[Site "Arendsee (Altmark) GER"]
[Date "2008.12.28"]
[Round "2"]
[White "Nischik, Natascha"]
[Black "Öz, Eda"]
[Result "1/2-1/2"]
[Termination "normal"]
[Board "3.4"]
[WhiteElo "1415"]
[BlackElo "1502"]
[WhiteTeam "SF Wadgassen/Differten"]
[BlackTeam "SC Ladja Roßdorf"]
[PlyCount "136"]
[WhiteFideId "4633849"]
[BlackFideId "24672963"]
[EventCountry "GER"]
[EventRounds "5"]
[EventType "team-swiss"]
[EventDate "2008.12.26"]

1. c4 e5 2. Nc3 Nc6 3. g3 d6 4. Bg2 Be6 5. d3 Qd7 6. Nf3 Be7 7. Bd2 a6 8. a4
Rb8 9. Rb1 Nf6 10. b4 O-O 11. O-O Ne8 12. b5 axb5 13. axb5 Nd8 14. Ne1 Bh3 15.
Nd5 Bxg2 16. Nxe7+ Qxe7 17. Kxg2 Ne6 18. f4 exf4 19. Bxf4 Nf6 20. e4 Nc5 21.
Bg5 Ncd7 22. Qf3 h6 23. Bxf6 Nxf6 24. Nc2 Qe5 25. Ne3 Ra8 26. Nf5 Ra3 27. Nxh6+
gxh6 28. Qxf6 Qxf6 29. Rxf6 Rxd3 30. Rb4 Rd4 31. b6 Kg7 32. Rf4 c5 33. Ra4 Rb8
34. h4 f6 35. h5 Kf7 36. Rg4 Rd2+ 37. Kf3 Rb2 38. Rg6 Rh8 39. Kf4 Rb1 40. Ra7
Rxb6 41. Kf5 Rb2 42. Rxf6+ Ke7 43. Rg6 Kd7 44. Rg7+ Kc6 45. Ke6 Re8+ 46. Kf5
Re5+ 47. Kg6 Rxe4 48. Kxh6 Rxc4 49. Kg5 Rg2 50. Kf5 Rh4 51. g4 b5 52. Ra6+ Kd5
53. Rg6 b4 54. Raxd6+ Kc4 55. h6 b3 56. Rd1 Rgh2 57. g5 Kc3 58. Rb6 Kc2 59. Rg1
b2 60. Kg6 c4 61. Rb7 c3 62. h7 Rxh7 63. Rxh7 Rxh7 64. Kxh7 b1=Q 65. Rxb1 Kxb1
66. g6 c2 67. g7 c1=Q 68. g8=Q Qh1+ 1/2-1/2

[Event "DVM U20w 2008"]
[Site "Arendsee (Altmark) GER"]
[Date "2008.12.28"]
[Round "2"]
[White "van Orsouw, Svenja"]
[Black "Erben, Larissa"]
[Result "0-1"]
[Termination "normal"]
[Board "4.1"]
[WhiteElo "1701"]
[BlackElo "1991"]
[WhiteTeam "SK Turm Rheydt 1929"]
[BlackTeam "SV Stuttgart-Wolfbusch 1956"]
[PlyCount "68"]
[WhiteFideId "24677124"]
[BlackFideId "24634590"]
[EventCountry "GER"]
[EventRounds "5"]
[EventType "team-swiss"]
[EventDate "2008.12.26"]

1. e4 c5 2. c4 Nc6 3. Ne2 e5 4. Nbc3 Nf6 5. d3 Be7 6. g3 O-O 7. Bg2 d6 8. O-O
Ne8 9. Be3 f5 10. Nd5 Bg5 11. f4 exf4 12. gxf4 Bf6 13. Nxf6+ Nxf6 14. h3 Qe8
15. Ng3 Qg6 16. Kh2 Be6 17. Qe2 Rae8 18. e5 dxe5 19. Bxc5 exf4 20. Rxf4 Rf7 21.
Re1 b6 22. Qf1 Nd8 23. Bb4 Bd7 24. Rxe8+ Nxe8 25. Bd5 Ne6 26. Rxf5 Nf6 27. Qf3
h6 28. Bc3 Nxd5 29. Qxd5 Ng5 30. Rxf7 Qxf7 31. Qxf7+ Kxf7 32. Nh5 Nxh3 33. Nxg7
Nf4 34. Kg3 Ne2+ 0-1

[Event "DVM U20w 2008"]
[Site "Arendsee (Altmark) GER"]
[Date "2008.12.28"]
[Round "2"]
[White "Stitterich, Nadine"]
[Black "Stoer, Agnes"]
[Result "1/2-1/2"]
[Termination "normal"]
[Board "4.2"]
[WhiteElo "1898"]
[BlackElo "1422"]
[WhiteTeam "SV Stuttgart-Wolfbusch 1956"]
[BlackTeam "SK Turm Rheydt 1929"]
[PlyCount "89"]
[WhiteFideId "24676527"]
[BlackFideId "1270593"]
[EventCountry "GER"]
[EventRounds "5"]
[EventType "team-swiss"]
[EventDate "2008.12.26"]

1. e4 c5 2. Nf3 d6 3. d4 cxd4 4. Nxd4 Nf6 5. Nc3 a6 6. Be2 Qc7 7. Be3 b5 8. a3
Bb7 9. f3 g6 10. Bd3 Nbd7 11. O-O Bg7 12. Qd2 O-O 13. Kh1 Nc5 14. Rae1 Rac8 15.
Bh6 e5 16. Nde2 d5 17. Bxg7 Kxg7 18. Ng3 Nxd3 19. cxd3 dxe4 20. fxe4 Rcd8 21.
Nf5+ Kh8 22. Nh6 Ng8 23. Ng4 f6 24. Ne3 Ne7 25. Qe2 Nc6 26. Ncd5 Qg7 27. Rc1
Nd4 28. Qe1 Rc8 29. Rxc8 Bxc8 30. Qc3 Bb7 31. Qb4 f5 32. Rc1 Rc8 33. Rxc8+ Bxc8
34. Qd6 Be6 35. Nc7 f4 36. Ne8 fxe3 37. Nxg7 e2 38. Qf8+ Bg8 39. Qf2 Kxg7 40.
g4 Bb3 41. g5 Bd1 42. Qf6+ Kg8 43. Qd8+ Kf7 44. Qd7+ Kf8 45. Qd8+ 1/2-1/2

[Event "DVM U20w 2008"]
[Site "Arendsee (Altmark) GER"]
[Date "2008.12.28"]
[Round "2"]
[White "Koppers, Hannah"]
[Black "Häcker, Katrin"]
[Result "0-1"]
[Termination "normal"]
[Board "4.3"]
[WhiteElo "1136"]
[BlackElo "1567"]
[WhiteTeam "SK Turm Rheydt 1929"]
[BlackTeam "SV Stuttgart-Wolfbusch 1956"]
[PlyCount "32"]
[BlackFideId "24667986"]
[EventCountry "GER"]
[EventRounds "5"]
[EventType "team-swiss"]
[EventDate "2008.12.26"]

1. e4 e5 2. Nf3 Nc6 3. Bc4 Bc5 4. Nc3 d6 5. h3 Be6 6. Bxe6 fxe6 7. d3 Nf6 8.
Bg5 O-O 9. O-O Qe8 10. Re1 Nh5 11. Ne2 Qg6 12. Qd2 h6 13. g4 Rxf3 14. Bh4 Rxh3
15. Kg2 Rxh4 16. Rg1 Rf8 0-1

[Event "DVM U20w 2008"]
[Site "Arendsee (Altmark) GER"]
[Date "2008.12.28"]
[Round "2"]
[White "Hafner, Katrin"]
[Black "Vieten, Sarah"]
[Result "1-0"]
[Termination "time forfeit"]
[Board "4.4"]
[WhiteElo "1608"]
[BlackElo "846"]
[WhiteTeam "SV Stuttgart-Wolfbusch 1956"]
[BlackTeam "SK Turm Rheydt 1929"]
[PlyCount "55"]
[WhiteFideId "24668001"]
[EventCountry "GER"]
[EventRounds "5"]
[EventType "team-swiss"]
[EventDate "2008.12.26"]

1. e4 e5 2. Nf3 Nc6 3. d4 d6 4. Bb5 Bd7 5. Nc3 Nf6 6. O-O a6 7. Ba4 b5 8. Bb3
Qe7 9. Re1 Bg4 10. Bd5 Qd7 11. Bg5 Be7 12. Bxc6 Qxc6 13. d5 Qd7 14. Qd3 O-O 15.
a3 Rfe8 16. Rac1 c6 17. Bxf6 Bxf6 18. Nd2 c5 19. f3 Bh5 20. Na2 Bg5 21. c4 Bf4
22. cxb5 axb5 23. g4 Bg6 24. Re2 Reb8 25. Nc3 Qd8 26. Rc2 b4 27. axb4 Ra1+ 28.
Ncb1 1-0

[Event "DVM U20w 2008"]
[Site "Arendsee (Altmark) GER"]
[Date "2008.12.28"]
[Round "3"]
[White "Lorenz, Nicole"]
[Black "Hofmann, Annett"]
[Result "1-0"]
[Termination "normal"]
[Board "1.1"]
[WhiteElo "1811"]
[BlackElo "1993"]
[WhiteTeam "SG G-W Dresden"]
[BlackTeam "SF Hettstedt"]
[PlyCount "83"]
[WhiteFideId "24623709"]
[BlackFideId "24603759"]
[EventCountry "GER"]
[EventRounds "5"]
[EventType "team-swiss"]
[EventDate "2008.12.26"]

1. e4 c5 2. Nf3 d6 3. Bb5+ Bd7 4. Bxd7+ Qxd7 5. O-O Nc6 6. c3 Nf6 7. d4 Nxe4 8.
d5 Nd8 9. Re1 Nf6 10. Bg5 e6 11. Bxf6 gxf6 12. c4 Bg7 13. Nc3 O-O 14. Nh4 f5
15. Qh5 Bf6 16. Re3 Bxh4 17. Qxh4 f4 18. Qg5+ Kh8 19. Qf6+ Kg8 20. Ne4 fxe3 21.
Qg5+ Kh8 22. Nf6 exf2+ 23. Kh1 Qe7 24. Qh6 Qxf6 25. Qxf6+ Kg8 26. Rf1 exd5 27.
cxd5 Re8 28. Qxf2 Re5 29. Qd2 b5 30. h3 a6 31. Rf3 Kf8 32. Qh6+ Ke7 33. Re3
Rxe3 34. Qxe3+ Kf6 35. Qe8 c4 36. g4 b4 37. h4 b3 38. axb3 cxb3 39. Qh8+ Kg6
40. Kg2 Rc8 41. Kg3 a5 42. h5+ 1-0

[Event "DVM U20w 2008"]
[Site "Arendsee (Altmark) GER"]
[Date "2008.12.28"]
[Round "3"]
[White "Weiß, Katharina"]
[Black "Stark, Saskia"]
[Result "1-0"]
[Termination "normal"]
[Board "1.2"]
[WhiteElo "1651"]
[BlackElo "1912"]
[WhiteTeam "SF Hettstedt"]
[BlackTeam "SG G-W Dresden"]
[PlyCount "57"]
[WhiteFideId "24692859"]
[BlackFideId "4601050"]
[EventCountry "GER"]
[EventRounds "5"]
[EventType "team-swiss"]
[EventDate "2008.12.26"]

1. e4 c5 2. c4 Nc6 3. Nc3 g6 4. g3 Bg7 5. Bg2 d6 6. Nge2 e6 7. O-O Nge7 8. d3
O-O 9. Be3 Rb8 10. a3 a6 11. Rb1 b5 12. cxb5 axb5 13. b4 cxb4 14. axb4 Bd7 15.
Qd2 Ne5 16. h3 f5 17. Bh6 Bxh6 18. Qxh6 Nf7 19. Qe3 e5 20. Kh2 Bc6 21. d4 d5
22. exd5 Nxd5 23. Bxd5 Bxd5 24. dxe5 Bc4 25. e6 Qe7 26. exf7+ Qxf7 27. Rfe1
Rfe8 28. Qf4 Rbd8 29. Nd4 1-0

[Event "DVM U20w 2008"]
[Site "Arendsee (Altmark) GER"]
[Date "2008.12.28"]
[Round "3"]
[White "Kosovska, Olena"]
[Black "Hofmann, Christine"]
[Result "1-0"]
[Termination "normal"]
[Board "1.3"]
[WhiteElo "1954"]
[BlackElo "1606"]
[WhiteTeam "SG G-W Dresden"]
[BlackTeam "SF Hettstedt"]
[PlyCount "77"]
[WhiteFideId "4647963"]
[EventCountry "GER"]
[EventRounds "5"]
[EventType "team-swiss"]
[EventDate "2008.12.26"]

1. c4 c6 2. d4 d5 3. cxd5 cxd5 4. Nc3 Nf6 5. Nf3 e6 6. Bg5 Be7 7. e3 O-O 8. Bd3
Nc6 9. Rc1 Bd7 10. O-O Rc8 11. Bb1 Qb6 12. Ne5 Rfd8 13. Bxf6 Bxf6 14. Bxh7+
Kxh7 15. Qh5+ Kg8 16. Qxf7+ Kh8 17. Nxd7 Qc7 18. Qh5+ Kg8 19. Nxf6+ gxf6 20. f4
Kf8 21. Rf3 Ke7 22. Rg3 Kd7 23. Rg7+ Ne7 24. f5 Qd6 25. fxe6+ Qxe6 26. Re1 Rg8
27. Rxg8 Rxg8 28. Qf3 f5 29. Na4 b6 30. Nc3 Rg5 31. Ne2 Qg8 32. Nf4 Kd6 33. Rc1
Rg7 34. Nh5 Rg5 35. Qf4+ Ke6 36. Qe5+ Kf7 37. Qf6+ Ke8 38. Nf4 Qg7 39. Qe6 1-0

[Event "DVM U20w 2008"]
[Site "Arendsee (Altmark) GER"]
[Date "2008.12.28"]
[Round "3"]
[White "Becker, Franziska"]
[Black "Nake, Marianne"]
[Result "1/2-1/2"]
[Termination "normal"]
[Board "1.4"]
[WhiteElo "1481"]
[BlackElo "1320"]
[WhiteTeam "SF Hettstedt"]
[BlackTeam "SG G-W Dresden"]
[PlyCount "79"]
[WhiteFideId "24691518"]
[EventCountry "GER"]
[EventRounds "5"]
[EventType "team-swiss"]
[EventDate "2008.12.26"]

1. b3 d5 2. Bb2 Nf6 3. e3 Bg4 4. Nf3 e6 5. c4 c6 6. a3 Nbd7 7. d4 Ne4 8. Be2
Bd6 9. Nfd2 Bxe2 10. Qxe2 Ndf6 11. f3 Nxd2 12. Nxd2 O-O 13. O-O Qb8 14. f4 Re8
15. Qf3 b5 16. c5 Bc7 17. g4 Nd7 18. h4 f5 19. Kf2 Qd8 20. g5 g6 21. h5 Kg7 22.
hxg6 hxg6 23. Rh1 Rh8 24. Rag1 Rxh1 25. Rxh1 Qg8 26. Rh6 Nf8 27. Qh1 Re8 28.
Nf3 Bb8 29. Nh4 Re7 30. Qe1 Bc7 31. Bc3 Bb8 32. Ba5 Rd7 33. a4 a6 34. axb5 axb5
35. Bb6 Qf7 36. Qh1 Qg8 37. Qa1 Qf7 38. Qa5 Bc7 39. Bxc7 Rxc7 40. Qb6 1/2-1/2

[Event "DVM U20w 2008"]
[Site "Arendsee (Altmark) GER"]
[Date "2008.12.28"]
[Round "3"]
[White "Erben, Larissa"]
[Black "Dietzen, Corinna"]
[Result "1-0"]
[Termination "normal"]
[Board "2.1"]
[WhiteElo "1991"]
[BlackElo "2009"]
[WhiteTeam "SV Stuttgart-Wolfbusch 1956"]
[BlackTeam "SF Wadgassen/Differten"]
[PlyCount "67"]
[WhiteFideId "24634590"]
[BlackFideId "24621021"]
[EventCountry "GER"]
[EventRounds "5"]
[EventType "team-swiss"]
[EventDate "2008.12.26"]

1. e4 e5 2. Nc3 Nf6 3. f4 exf4 4. e5 Ng8 5. Nf3 d5 6. d4 Be6 7. Bxf4 Nd7 8. Be2
Ne7 9. O-O Ng6 10. Bg3 Be7 11. Bd3 c6 12. Ne2 Qb6 13. Qc1 O-O-O 14. a4 Ndf8 15.
a5 Qc7 16. Ng5 Bxg5 17. Qxg5 h5 18. b4 Qe7 19. Qd2 Bg4 20. a6 b6 21. Qc3 Qd7
22. b5 h4 23. bxc6 Qc7 24. Be1 Re8 25. Nf4 Ne7 26. Qb3 Be6 27. c4 Rd8 28. c5
Qxc6 29. cxb6 Qxb6 30. Qxb6 axb6 31. Bb4 Neg6 32. Nxe6 fxe6 33. Bd6 Rg8 34.
Rfc1+ 1-0

[Event "DVM U20w 2008"]
[Site "Arendsee (Altmark) GER"]
[Date "2008.12.28"]
[Round "3"]
[White "Ley, Janine"]
[Black "Stitterich, Nadine"]
[Result "0-1"]
[Termination "normal"]
[Board "2.2"]
[WhiteElo "1655"]
[BlackElo "1898"]
[WhiteTeam "SF Wadgassen/Differten"]
[BlackTeam "SV Stuttgart-Wolfbusch 1956"]
[PlyCount "128"]
[WhiteFideId "24671274"]
[BlackFideId "24676527"]
[EventCountry "GER"]
[EventRounds "5"]
[EventType "team-swiss"]
[EventDate "2008.12.26"]

1. c4 Nf6 2. d4 g6 3. Nc3 Bg7 4. e4 d6 5. f3 O-O 6. Be3 Nc6 7. Qd2 a6 8. Nge2
Rb8 9. Ng3 b6 10. Be2 e5 11. d5 Ne7 12. Bh6 Bxh6 13. Qxh6 Kh8 14. Qd2 Kg7 15.
f4 exf4 16. Qxf4 Neg8 17. O-O Nd7 18. b3 Ne5 19. Nd1 Bd7 20. Ne3 Nh6 21. Rac1
f6 22. h3 Nhf7 23. Ng4 Nxg4 24. Bxg4 Ne5 25. Be2 Qe7 26. Rf2 Rbe8 27. Rcf1 b5
28. Qd2 bxc4 29. bxc4 Bc8 30. Rc1 Nd7 31. Bf3 Nc5 32. Re1 Qe5 33. Nf1 f5 34.
Qe3 fxe4 35. Be2 Rxf2 36. Qxf2 Rf8 37. Qe3 Qf4 38. Qxf4 Rxf4 39. Nd2 Rf8 40.
Bd1 Re8 41. Bc2 h5 42. Kf2 Bf5 43. Ke3 Rb8 44. Rb1 Re8 45. Rf1 Nd3 46. Rb1 Re7
47. Rf1 Kh6 48. h4 Ne5 49. Bb1 Ng4+ 50. Ke2 Re8 51. g3 Rb8 52. Nb3 Ne5 53. Nd2
Rb2 54. Ke3 Ng4+ 55. Kd4 Rxd2+ 56. Kc3 Rg2 57. a4 a5 58. Re1 Rxg3+ 59. Kd2 Ne5
60. Bxe4 Bxe4 61. Rxe4 Rg4 62. Ke3 Rxe4+ 63. Kxe4 Nxc4 64. Kd4 Nb6 0-1

[Event "DVM U20w 2008"]
[Site "Arendsee (Altmark) GER"]
[Date "2008.12.28"]
[Round "3"]
[White "Häcker, Katrin"]
[Black "Neumann, Tanja"]
[Result "0-1"]
[Termination "normal"]
[Board "2.3"]
[WhiteElo "1567"]
[BlackElo "1453"]
[WhiteTeam "SV Stuttgart-Wolfbusch 1956"]
[BlackTeam "SF Wadgassen/Differten"]
[PlyCount "38"]
[WhiteFideId "24667986"]
[BlackFideId "24659274"]
[EventCountry "GER"]
[EventRounds "5"]
[EventType "team-swiss"]
[EventDate "2008.12.26"]

1. e4 e5 2. Nf3 Nc6 3. Bb5 a6 4. Ba4 Nf6 5. O-O d6 6. h3 Nxe4 7. Bxc6+ bxc6 8.
d4 Bf5 9. dxe5 d5 10. Nd4 Bd7 11. Qd3 c5 12. Nb3 Bb5 13. Qf3 Bxf1 14. Kxf1 c4
15. Nd4 Bc5 16. Be3 O-O 17. Nc3 Bxd4 18. Nxe4 dxe4 19. Qxe4 Bxb2 0-1

[Event "DVM U20w 2008"]
[Site "Arendsee (Altmark) GER"]
[Date "2008.12.28"]
[Round "3"]
[White "Nischik, Natascha"]
[Black "Hafner, Katrin"]
[Result "1-0"]
[Termination "normal"]
[Board "2.4"]
[WhiteElo "1415"]
[BlackElo "1608"]
[WhiteTeam "SF Wadgassen/Differten"]
[BlackTeam "SV Stuttgart-Wolfbusch 1956"]
[PlyCount "85"]
[WhiteFideId "4633849"]
[BlackFideId "24668001"]
[EventCountry "GER"]
[EventRounds "5"]
[EventType "team-swiss"]
[EventDate "2008.12.26"]

1. c4 e5 2. Nc3 Nc6 3. g3 g6 4. Bg2 Bg7 5. Nf3 d6 6. d3 f5 7. a3 h6 8. b4 Nf6
9. Qb3 Be6 10. Bb2 O-O 11. O-O Kh7 12. b5 Ne7 13. Rab1 Rb8 14. Qc2 Qd7 15. a4
Nh5 16. Rbd1 f4 17. Ne4 Bh3 18. Nfg5+ hxg5 19. Nxg5+ Kh8 20. Bxh3 Qe8 21. Ne6
Rf7 22. Nxg7 Nxg7 23. d4 Nef5 24. dxe5 dxe5 25. Qe4 Kh7 26. Qxe5 fxg3 27. fxg3
Re7 28. Qc3 Ne3 29. Qd4 Nxd1 30. Rxd1 Nf5 31. Bxf5 gxf5 32. Qh4+ Kg6 33. Rd6+
Re6 34. Rxe6+ Qxe6 35. Kf2 Rc8 36. Qd4 Qe7 37. h4 b6 38. Qf4 Re8 39. h5+ Kxh5
40. Qxf5+ Qg5 41. g4+ Kh4 42. Bf6 Re5 43. Qxe5 1-0

[Event "DVM U20w 2008"]
[Site "Arendsee (Altmark) GER"]
[Date "2008.12.28"]
[Round "3"]
[White "Hüllen, Alexandra"]
[Black "Billing, Tanja"]
[Result "1/2-1/2"]
[Termination "normal"]
[Board "3.1"]
[WhiteElo "1416"]
[BlackElo "1818"]
[WhiteTeam "TTC G-W Fritzdorf"]
[BlackTeam "FC Ergolding"]
[PlyCount "156"]
[BlackFideId "24647993"]
[EventCountry "GER"]
[EventRounds "5"]
[EventType "team-swiss"]
[EventDate "2008.12.26"]

1. e4 c5 2. Nf3 d6 3. d4 cxd4 4. Nxd4 Nf6 5. Nc3 e5 6. Nb3 h6 7. Be3 Nc6 8. Qd2
Be6 9. O-O-O Be7 10. Be2 a6 11. f3 b5 12. Nd5 Bxd5 13. exd5 Na7 14. g4 Nd7 15.
f4 exf4 16. Bxf4 Ne5 17. Qd4 Bf6 18. Qe3 O-O 19. Bxe5 Bxe5 20. h4 Re8 21. Qf3
Rc8 22. Bd3 a5 23. Rhf1 Bf6 24. Kb1 Qc7 25. Qf5 Re5 26. Qh7+ Kf8 27. g5 hxg5
28. hxg5 Rxg5 29. Qh8+ Ke7 30. Rde1+ Re5 31. Qh3 Qb6 32. Bf5 Re8 33. Bd7 Rd8
34. Bf5 Bg5 35. Qh5 f6 36. Be6 Rf8 37. Qg6 Bh6 38. Nd2 Kd8 39. Nf3 Rxe1+ 40.
Rxe1 Nc8 41. Qe4 Qb7 42. Nd4 Ne7 43. Nc6+ Nxc6 44. dxc6 Qe7 45. Bd7 Qxe4 46.
Rxe4 Kc7 47. c4 b4 48. b3 f5 49. Re7 Kd8 50. Re1 f4 51. Kc2 Bg5 52. Rg1 Bf6 53.
Kd3 Be5 54. Ke4 Rh8 55. c5 Rg8 56. cxd6 Bxd6 57. Rg5 Ke7 58. Rxa5 g5 59. Kf3
Rg7 60. Ra7 Kd8 61. Rb7 g4+ 62. Bxg4 Rxb7 63. cxb7 Kc7 64. Ke4 Kxb7 65. Kd5 Bf8
66. Bf3 Kb6 67. Ke5 Bh6 68. Kd5 Kb5 69. Be2+ Kb6 70. Bh5 Bg5 71. Kc4 Be7 72.
Bf3 Kc7 73. Kd5 Kd7 74. Bg4+ Ke8 75. Kc4 Kf7 76. Kd4 Kf6 77. Ke4 Kg5 78. Be2
Bc5 1/2-1/2

[Event "DVM U20w 2008"]
[Site "Arendsee (Altmark) GER"]
[Date "2008.12.28"]
[Round "3"]
[White "Farokhpey, Sarah"]
[Black "Bachem, Sabrina"]
[Result "1/2-1/2"]
[Termination "normal"]
[Board "3.2"]
[WhiteElo "1612"]
[BlackElo "1368"]
[WhiteTeam "FC Ergolding"]
[BlackTeam "TTC G-W Fritzdorf"]
[PlyCount "103"]
[EventCountry "GER"]
[EventRounds "5"]
[EventType "team-swiss"]
[EventDate "2008.12.26"]

1. d4 Nf6 2. c4 g6 3. Nc3 Bg7 4. Nf3 d6 5. e3 O-O 6. Be2 Nbd7 7. O-O c6 8. Bd2
e5 9. Qc2 Re8 10. dxe5 Nxe5 11. Nxe5 dxe5 12. e4 Be6 13. Rfd1 Qc7 14. h3 Rad8
15. Be3 b6 16. a4 Rxd1+ 17. Rxd1 Rd8 18. Rxd8+ Qxd8 19. a5 Qc7 20. axb6 axb6
21. Na4 c5 22. Nc3 Qb7 23. Qd3 Qd7 24. b3 Qxd3 25. Bxd3 h5 26. Na4 Nd7 27. Kf1
Bf6 28. Ke2 g5 29. Kd2 h4 30. Be2 Be7 31. Kc3 f5 32. exf5 Bxf5 33. Bd3 Bxd3 34.
Kxd3 Kf7 35. Nc3 Bd8 36. Ne4 Kg6 37. Bd2 Be7 38. f3 Nb8 39. Nc3 Bd8 40. Ke4 Nc6
41. Ne2 Nd4 42. Nxd4 exd4 43. b4 Be7 44. bxc5 bxc5 45. Bc1 Kf6 46. Ba3 Ke6 47.
Bc1 Kf6 48. Ba3 Ke6 49. Bc1 Bd8 50. Bd2 Be7 51. Bc1 Bd8 52. Bd2 1/2-1/2

[Event "DVM U20w 2008"]
[Site "Arendsee (Altmark) GER"]
[Date "2008.12.28"]
[Round "3"]
[White "Bojahr, Franziska"]
[Black "Oberpriller, Katharina"]
[Result "1-0"]
[Termination "normal"]
[Board "3.3"]
[WhiteElo "1303"]
[BlackElo "1333"]
[WhiteTeam "TTC G-W Fritzdorf"]
[BlackTeam "FC Ergolding"]
[PlyCount "67"]
[EventCountry "GER"]
[EventRounds "5"]
[EventType "team-swiss"]
[EventDate "2008.12.26"]

1. d4 d5 2. c4 e6 3. Nc3 Bb4 4. Bd2 Nf6 5. a3 Be7 6. Nf3 O-O 7. Bf4 a6 8. e3
dxc4 9. Bxc4 b5 10. Bd3 Bb7 11. b4 Nbd7 12. O-O Nb6 13. e4 Rc8 14. Qc2 h6 15.
Rac1 Kh8 16. h3 Nfd7 17. Ne2 Bd6 18. e5 Be7 19. Qd2 Bxf3 20. gxf3 f5 21. Kh2 g5
22. Bg3 f4 23. Nxf4 gxf4 24. Bxf4 Bg5 25. Bxg5 Qxg5 26. Qxg5 hxg5 27. Be4 Nd5
28. Rg1 Rg8 29. Rg4 Rg7 30. Rcg1 Rcg8 31. h4 Nc3 32. Bd3 Rf8 33. R1g3 Rgf7 34.
Rxg5 1-0

[Event "DVM U20w 2008"]
[Site "Arendsee (Altmark) GER"]
[Date "2008.12.28"]
[Round "3"]
[White "Wernthaler, Lisa-Marie"]
[Black "Jentsch, Corinna"]
[Result "1-0"]
[Termination "normal"]
[Board "3.4"]
[WhiteElo "909"]
[BlackElo "1056"]
[WhiteTeam "FC Ergolding"]
[BlackTeam "TTC G-W Fritzdorf"]
[PlyCount "89"]
[EventCountry "GER"]
[EventRounds "5"]
[EventType "team-swiss"]
[EventDate "2008.12.26"]

1. e4 d6 2. Nf3 Nf6 3. Nc3 g6 4. Bc4 Bg7 5. O-O Nbd7 6. d4 O-O 7. Be3 Nb6 8.
Qd3 Bg4 9. Nd2 e5 10. f3 Bc8 11. d5 c6 12. Kh1 Qc7 13. Bxb6 Qxb6 14. dxc6 Qxc6
15. Nd5 Nxd5 16. Bxd5 Qb6 17. Nc4 Qc7 18. Nxd6 h6 19. Nxc8 Raxc8 20. c3 Qd7 21.
Rad1 Rb8 22. Qc4 Bf6 23. f4 Qe7 24. f5 gxf5 25. Rxf5 Rbc8 26. Qb3 Rc7 27. Rd3
b6 28. Rdf3 Bg7 29. Bxf7+ Kh8 30. Bg6 Rxf5 31. Rxf5 Qh4 32. g3 Qxe4+ 33. Kg1
Qe1+ 34. Kg2 Qe4+ 35. Kh3 Rc4 36. Rf8+ Bxf8 37. Bxe4 Rxe4 38. Qf7 Bg7 39. Qxa7
Re1 40. Qxb6 e4 41. Qd8+ Kh7 42. Qd2 Ra1 43. a3 Rb1 44. Kg2 e3 45. Qc2+ 1-0

[Event "DVM U20w 2008"]
[Site "Arendsee (Altmark) GER"]
[Date "2008.12.28"]
[Round "3"]
[White "Breitwieser, Jasmin"]
[Black "Karmann, Anna"]
[Result "1/2-1/2"]
[Termination "normal"]
[Board "4.1"]
[WhiteElo "1823"]
[BlackElo "1903"]
[WhiteTeam "SC Ladja Roßdorf"]
[BlackTeam "SG Porz"]
[PlyCount "112"]
[WhiteFideId "24601705"]
[BlackFideId "24648000"]
[EventCountry "GER"]
[EventRounds "5"]
[EventType "team-swiss"]
[EventDate "2008.12.26"]

1. e4 c6 2. d4 d5 3. exd5 cxd5 4. Bd3 Nc6 5. c3 Nf6 6. Bf4 Bg4 7. Qb3 Qd7 8.
Nd2 e6 9. Ngf3 Bxf3 10. Nxf3 Bd6 11. Bxd6 Qxd6 12. O-O O-O 13. Rae1 Rfc8 14.
Ne5 Rab8 15. a4 Na5 16. Qc2 a6 17. Qe2 b5 18. axb5 axb5 19. f4 b4 20. Rf3 bxc3
21. bxc3 Qa3 22. c4 Qb2 23. Qxb2 Rxb2 24. cxd5 Nxd5 25. f5 exf5 26. Rxf5 Nf6
27. Nxf7 Kxf7 28. Rxa5 Rd2 29. Bf5 Re8 30. Ra7+ Kf8 31. Rxe8+ Nxe8 32. Be6 Nd6
33. d5 h6 34. h3 g6 35. Rd7 Nc4 36. Rf7+ Ke8 37. Rf2 Rd1+ 38. Rf1 Rxf1+ 39.
Kxf1 Ke7 40. Ke2 Kd6 41. Kd3 Ne5+ 42. Ke4 Nc4 43. h4 Ke7 44. Kd4 Nd6 45. Kc5
Ne4+ 46. Kc6 Nf6 47. Bc8 Ne4 48. Ba6 g5 49. Kc7 gxh4 50. Bd3 Nd6 51. Be2 Ne4
52. Bd3 Nd6 53. Bg6 Nc4 54. Bh5 Nd6 55. Kc6 Nf5 56. Bg4 Nd6 1/2-1/2